LEADER 01838nam 2200433Ia 450 001 996385510503316 005 20200824132507.0 035 $a(CKB)4940000000076488 035 $a(EEBO)2240980754 035 $a(OCoLC)ocm12318058e 035 $a(OCoLC)12318058 035 $a(EXLCZ)994940000000076488 100 $a19850729d1691 uy | 101 0 $aeng 135 $aurbn||||a|bb| 200 14$aThe glorious kingdom of Christ, described and clearly vindicated$b[electronic resource] $eagainst the bold asserters of a future calling and reign of the Jews, and 1000 years before the conflagration and the asserters of the 1000 years kingdom after the conflagration : opening the promise of the new heaven and earth and the everlastingness of Christ's kingdom against their debasing it, who confine it to 1000 years ... : answering Mr. Tho. Beverley ... in his twelve principles and catechisms, &c. /$fby Richard Baxter .. 210 $aLondon $cPrinted by T. Snowden, for Thomas Parkhurst ...$d1691 215 $a[6], 73, [1] p 300 $aDedication: To Mr. Increase Mather, the learned and pious rector of the New-England college (now in London). 300 $aAdvertisement: p. 73 and p. [1] at end. 300 $aReproduction of original in British Library. 300 $aMarginal notes. 330 $aeebo-0018 606 $aEschatology$vEarly works to 1800 606 $aMillennium 606 $aJews$xRestoration 615 0$aEschatology 615 0$aMillennium. 615 0$aJews$xRestoration. 700 $aBaxter$b Richard$f1615-1691.$0615285 801 0$bEAA 801 1$bEAA 801 2$bm/c 801 2$bUMI 801 2$bWaOLN 906 $aBOOK 912 $a996385510503316 996 $aThe glorious kingdom of Christ, described and clearly vindicated$92411497 997 $aUNISA